| 000 | 00507nam a2200205Ia 4500 | ||
|---|---|---|---|
| 003 | GCL | ||
| 008 | 140319s9999 xx 000 0 eng d | ||
| 040 |
_aGCL / _cGCL |
||
| 082 | 0 | 4 |
_a759.44 _bB V |
| 100 | 1 | _aBRAHIMI, DENISE | |
| 245 | 1 | 0 |
_aLA VIE ET L'OEUVRE DE ETIENNE DINET / _cBRAHIMI, DENISE |
| 260 |
_a[S.N] : _bACR EDITION ، _c1991 |
||
| 300 | _a304 P | ||
| 650 | 0 | 4 | _aARTS |
| 650 | 0 | 4 | _aPAINTING |
| 650 | 0 | 4 | _aPAINTERS |
| 650 | 0 | 4 | _aART, FRANCE |
| 650 | 0 | 4 | _aETIENNE DINET |
| 942 |
_2ddc _cBK |
||
| 999 |
_c15924 _d15924 |
||